The income-doubling plan & the growing japanese economy

Đã lưu trong:
书目详细资料
格式: 图书
语言:Undetermined
出版: Tokyo Ministry of Foreign Affairs Japan 1961
主题:
标签: 添加标签
没有标签, 成为第一个标记此记录!
Thư viện lưu trữ: Trung tâm Học liệu Trường Đại học Cần Thơ
LEADER 00438nam a2200157Ia 4500
001 CTU_79453
008 210402s9999 xx 000 0 und d
082 |a 330 
082 |b I.37 
245 4 |a The income-doubling plan & the growing japanese economy 
260 |a Tokyo 
260 |b Ministry of Foreign Affairs Japan 
260 |c 1961 
650 |a Economics 
650 |z Japan 
980 |a Trung tâm Học liệu Trường Đại học Cần Thơ